Modelling and simulation of a linear induction machine model /
Saved in:
| Main Author: | |
|---|---|
| Format: | Thesis Book |
| Language: | English |
| Published: |
2006.
|
| Subjects: | |
| Tags: |
Add Tag
No Tags, Be the first to tag this record!
|
| LEADER | 01096cam a2200265 i 4500 | ||
|---|---|---|---|
| 001 | u736636 | ||
| 003 | SIRSI | ||
| 005 | 200704111608 | ||
| 008 | 070411s2006 my a m 000 0 eng m | ||
| 040 | |a UMM |d UMJ |e rda | ||
| 090 | |a TK7 |b UM 2006 Ahmaas | ||
| 097 | |a TK7 |b UM 2006 Ahmaas | ||
| 100 | 0 | |a Ahmad Asri Abd Samat, |e author. | |
| 245 | 1 | 0 | |a Modelling and simulation of a linear induction machine model / |c Ahmad Asri Bin Abd Samat. |
| 264 | 1 | |c 2006. | |
| 300 | |a ix, 81 leaves : |b illustrations ; |c 30 cm. | ||
| 502 | |a Dissertation (M.Eng.) -- Jabatan Kejuruteraan Elektrik, Fakulti Kejuruteraan, Universiti Malaya, 2007. | ||
| 504 | |a Bibliography: leaves 78-81. | ||
| 650 | 0 | |a Electric motors, Induction. | |
| 650 | 0 | |a Electric motors, Linear. | |
| 710 | 2 | |a Universiti Malaya. |b Jabatan Kejuruteraan Elektrik. | |
| 596 | |a 1 7 | ||
| 900 | |a SJMK | ||
| 999 | |a TK7 UM 2006 AHMAAS |w LC |c 1 |i A512900364 |d 28/3/2010 |e 28/3/2010 |f 20/11/2007 |g 1 |l STACKS |m P01UTAMA |n 1 |r Y |s Y |t TESIS |u 20/11/2007 | ||
| 999 | |a TK7 UM 2006 AHMAAS |w LC |c 1 |i A513003886 |d 18/8/2008 |f 18/8/2008 |g 1 |l STACKS |m P07JURUTER |r Y |s Y |t TESIS |u 15/8/2008 | ||
